Bekannte Persönlichkeiten aus Hessen - Statistiken

Allgemein
  • Dieses Quiz wurde 271 mal gespielt
  • Das Durchschnittsergebnis liegt bei 10 aus 20
Antwortstatistiken
Geburtsjahr Geburtsort Hinweis Person % Korrekt
1785 / 1786 Hanau Märchensammler Jacob & Wilhelm Grimm
94%
1749 Frankfurt am Main Dichter ("Erlkönig", "Götz von Berlichingen") Johann Wolfgang von Goethe
90%
1929 Frankfurt am Main Opfer des NS-Regimes, Tagebuchautorin Anne Frank
80%
1987 Heppenheim (Bergstraße) Rennfahrer, 4-facher Formel-1-Weltmeister (zuletzt 2013) Sebastian Vettel
79%
1837 Rüsselsheim am Main Gründer eines großen KFZ-Herstellers Adam Opel
75%
1957 Korbach Sänger, mit "Verdammt ich lieb dich" 16 Wochen lang Nr.1 der Single-Charts Matthias Reim
70%
1957 Frankfurt am Main Hollywood-Filmmusikkomponist Hans Zimmer
60%
1973 Frankfurt am Main Komiker ("Was guckst du?!") Kaya Yanar
55%
1977 Frankfurt am Main ehemalige Fußballerin, Rekordnationalspielerin und mehrfache Weltfußballerin Birgit Prinz
52%
1964 Bad Homburg vor der Höhe Komiker und Schauspieler, Maddin Martin Schneider
47%
1960 Gießen Astrophysiker und Moderator diverser Wissenschaftsformate im TV (... Kosmos) Harald Lesch
44%
1879 Frankfurt am Main Chemiker, "Vater der Kernchemie", wieß die Kernspaltung des Urans nach Otto Hahn
37%
1961 Kassel Schauspielerin, Tatort-Kommisarin Odenthal (Ludwigshafen) Ulrike Folkerts
36%
1943 Frankfurt am Main Eiskunstläuferin, mehrfache Welt- und Europameisterin, Sportlerin des Jahres 1959, Laufpartnerin von Hans-Jürgen Bäumler Marika Kilius
33%
1903 Frankfurt am Main Philosoph der Frankfurter Schule Theodor W. Adorno
31%
1962 Bad Homburg vor der Höhe Unternehmerin, reichste Frau Deutschlands Susanne Klatten
29%
1803 Darmstadt Chemiker, Begründer der Agrochemie, Entdecker von Chloroform Justus von Liebig
25%
1850 Fulda Physiker, erhielt 1909 den Nobelpreis, entwickelte die Kathodenstrahlröhre Ferdinand Braun
16%
1896 Kassel Politikerin (SPD), bewirkte die Aufnahme von Gleichberechtigung in das Grundgesetz Elisabeth Selbert
9%
1868 Zellhausen (Mainhausen) Erfinderin des zusammenlegbaren Fallschirms Käthe Paulus
5%
Keine übereinstimmenden Quizze gefunden
Verteilung der Resultate
Anzahl Personen mit jedem Resultat
Perzentil nach korrekt beantworteten Fragen
Ihre Resultats-Entwicklung
Sie haben dieses Quiz noch nicht gespielt